Logos III: Google Applications - Statistics

General Stats
  • This quiz has been taken 58 times
  • The average score is 8 of 16
Answer Stats
Picture Answer % Correct
YouTube
96%
Chrome
86%
Gmail
86%
Maps
84%
Play
73%
Drive
57%
Calendar
53%
Docs
53%
Classroom
41%
Assistant
31%
Messages
31%
Contacts
27%
Photos
27%
Chat
24%
Meets
16%
Wallet
14%
No matching quizzes found
Score Distribution
Percent of People with Each Score
Percentile by Number Answered
Your Score History
You have not taken this quiz